Avtors'kyj večir

Bibliographic Details
Main Author: Zlatokudr, Ivan, 1930- (Author)
Format: Article
Language:Ukrainian
PhysicalDescription:Fotogr.
Subjects:

MARC

LEADER 00000nab a2200000 a 4500
001 vtls010647361
003 SK-MaSNL
005 20260303233318.0
008 150116c2014 xo br p 000 c0ukr
015 |a SNBRB2015/01 
038 |a SVKPOCL 
040 |a SVKPOCL  |b slo  |c SVKPOCL  |e AACR2 
041 0 |a ukr 
044 |a xo  |c SK 
080 |a 821.161.2(437.6)  |2 2001 
080 |a 80(=16)+908(4)  |2 2001 
080 |a 821.161.2(438)  |2 2001 
080 |a 821.161.2(438)-1  |2 2001 
100 1 |a Zlatokudr, Ivan,  |d 1930-  |4 aut  |9 1110252 
245 1 0 |a Avtors'kyj večir  |c Ivan Zlatokudr 
300 |b Fotogr. 
500 |a V rubrike Poezija 
500 |a Blok obsahuje 7 básní a 3 úryvky z básní zo zbierky Avtors'kyj večir 
650 0 7 |a ukrajinská literatúra  |z Poľsko  |2 svkpocl  |9 1062382 
650 0 7 |a ukrajinská poézia  |2 svkpocl  |9 59029 
650 0 7 |a slavistika  |2 svkpocl  |9 4282 
650 0 7 |a ukrajinistika  |2 svkpocl  |9 51200 
651 7 |a Poľsko  |2 svkpocl  |9 16755 
655 7 |a články z novín a časopisov  |2 svkpocl  |9 267496 
655 7 |a ukrajinská poézia  |2 svkpocl  |9 70502 
740 0 2 |a Avtoportret 
740 0 2 |a Oseni 
740 0 2 |a Ty znovu zirvala zorju ... 
740 0 2 |a Muzi 
740 0 2 |a Dlja tebe - syzokryla ljubov žuravlja ... 
740 0 2 |a Maljunk 
740 0 2 |a Samotnosti 
740 0 2 |a Osin' metaforoju žuravlynych vidletiv lyš ... 
740 0 2 |a Šče sonjach sonce šče ptach ... 
740 0 2 |a Molytva 
740 0 2 |a Čas 
773 0 |t Duklja  |g Rik vydannja 62, No 6 (2014), s. 7-10 
852 |a SVKPO  |b KIS3GCP 
958 |a UK 
958 |a LX 
958 |a SK 
958 |a UA 
958 |a SS 
999 |c 2514539  |d 2516469